000 00538nam a2200181Ia 4500
003 OSt
005 20240216115350.0
008 210210b1927 xxu||||| |||| 00| 0 eng d
040 _cAL
041 _aKannada
082 _a852/225
100 _aGURU BASAVAPPA FAKIRAPPA ಗುರು ಬಸವಪ್ಪಾ ಫಕೀರಪ್ಪಾ
_9151759
245 _aGhanalingana Vachanagalu ಘನಲಿಂಗನ ವಚನಗಳು
260 _aMangaluru
_b-
_c1927
690 _aKannada Prose
_9151760
906 _a018793
942 _2ddc
_cBK
999 _c142347
_d142347